| 000 | 01124nam a22002177a 4500 | ||
|---|---|---|---|
| 999 |
_c190873 _d190873 |
||
| 005 | 20220808150504.0 | ||
| 010 | _aENG-134355 | ||
| 020 |
_a9789393797151 _c350.00 |
||
| 035 | _aEN-117887 | ||
| 037 | _bDBAD/PUB | ||
| 082 | _a005.8 | ||
| 100 | _aN.J., Krishnakumar | ||
| 245 |
_aCryptography and Network Security/ _cKrishnakumar N.J. [et.al...] |
||
| 260 |
_aTamil Nadu _bShanlax Publications _c2022 |
||
| 270 |
_a61, 66 T.P.K. Main Road, Vasantha Nagar _bMadurai _e625003 |
||
| 300 |
_a191p. _c24cm(pbk) |
||
| 700 | _aRafi, Shaik Mohammad | ||
| 700 | _aNanivadekar, Sameer S | ||
| 700 | _aAmbekar, Rahul K. | ||
| 942 |
_2ddc _cEN _h005.8 _mKRI |
||